000 00358nam a22001697a 4500
003 UA-OsUOA
001 5668
007 ta
008 20050721b un ||||| |||| 00| 0 ukr d
100 _aColes
700 _aW. E.
942 _cBK
040 _aUA-OsUOA
_cUA-OsUOA
_dUA-OsUOA
245 _aA Critical Commentary: The Crucible
955 _a2
650 7 _2UDC
999 _c291830
_d291830